000 04652nam a2200565Ia 4500
001 7246
008 241029s9999 xx 000 0 und d
010 _a6868
041 _aEspañol
082 _aN/A
245 0 _aEstrategias Pedagógicas para la Mejora del Rendimiento Académico del Estudiantado de 6to. Grado del Nivel Primario, en el Centro Educativo Ana Martina José, Distrito Educativo 16-01, año escolar 2016-2017
260 _aDuarte
300 _a127
520 _a73
630 _aEstrategia
630 _aEstrategias Pedagógicas
630 _aMejoramiento de la Calidad
630 _aRedimiento académico
650 _aOrientación
690 _aElaborado
700 _easesor
_a Ávila , Casilda
700 _eautor
_aMeléndez Estévez , Álida Magdalena
700 _eautor
_a Liriano Mata , Ylsa Socorro
901 _a{"1":"Meléndez Estévez ","2":" Liriano Mata "}
_b{"1":" Álida Magdalena ","2":" Ylsa Socorro"}
902 _a1
903 _a{"1":" Ávila "}
_b{"1":" Casilda "}
904 _aMaestría en
905 _aOrientación Académica e Intervención Psicopedagógica
906 _a2
907 _aNO APLICA
908 _aNO APLICA
909 _aCentro Universitario Regional del Nordeste, CURNE (UASD)
910 _aNULL
_bNULL
911 _a["1"]
912 _aNO APLICA
913 _aNULL
914 _a01 de Mayo de 2018
915 _a21/11/19 09:11
916 _aNULL
917 _aNULL
918 _aNO APLICA
919 _a["92","245","137","242"]
520 _aLa investigación tiene como objetivo general, estudiantado de 6to. A del Centro Educativo Ana Martina José, actuando de manera eficaz y autónoma en diversos contextos, movilizando actitudes y valores para el logro del rendimiento académico. Asimismo, equipo investigador desarrollando actitudes que les permiten ampliar sus habilidades como profesionales, que al aplicarlas aumenta la mejora del rendimiento académico. Esta investigación se enmarca en el paradigma cualitativo con un enfoque de investigación acción. El modelo seleccionado fue el de Kemmis MC Taggart. Una de las técnicas utilizadas para la recogida de la información fue triple diagnóstico, el cual consiste en la identificación de las necesidades por el equipo investigador, aproximación al problema y diagnóstico a profundidad. Otras técnicas fueron la observación, entrevista, cuestionario, diario de campo y la fotografía.Al finalizar este proceso de investigación, se han logrado satisfactoriamente los objetivos propuestos en su gran mayoría, puesto que se puede visualizar un cambio de actitud muy significativo del estudiantado intervenido hacia los estudios, reflejando mejores niveles de rendimiento en el ámbito académico, lo que hemos podido valorar a través de las observaciones realizada en el desarrollo del proceso de las intervenciones y las opiniones de las maestras implicadas en el proceso. Así como también, al relacionarnos como equipo y profundizar sobre las dificultades presentadas e ir evaluando las fortalezas obtenidas y las debilidades por superar durante el transcurso del desarrollo de las intervenciones realizadas, adquirimos nuevos conocimientos, que sin temor a equivocarnos nos van a servir como base de apoyo para reforzar nuestra practica como profesionales de la conducta.  En el transcurso de las intervenciones se pudo lograr un estudiantado que en su mayoría se incorporó, empoderándose de los contenidos y estrategias, haciendo uso de la oportunidad de realizar dramatizaciones, análisis, diálogos interactivos, observar videos reflexivos, documentales, indagar sobre cualquier duda, trabajo en grupo, lo que ha permitido el logro de un mayor desarrollo de conocimiento intelectual de la gran mayoría.  En la actualidad podemos decir que contamos con un estudiantado con actitudes positivas y comprometidos con el accionar educativo y con mayor interés en la planeación de sus proyectos de vida.  Se recomienda, Al equipo de gestión siga dándoles seguimiento oportuno, al personal docente en función de su labor para continuar generando cambios positivos en el estudiantado. Promover la capacitación del profesorado e incentivándolos a implementar estrategias pedagógicas acorde con los nuevos tiempos. A los docentes, concienciar al personal docente en capacitarse en su área en especialidades o maestría, para que puedan brindar mejor servicio en relación a la práctica pedagógica de desempeñan. 
921 _a72
922 _a72
923 _a1
924 _a20191121202912
942 _cTesis
999 _c6868
_d6868